Pele / (Record no. 2065)

MARC details
000 -LEADER
fixed length control field 00760nam a22002657a 4500
005 - DATE AND TIME OF LATEST TRANSACTION
control field 20231103101646.0
020 ## - INTERNATIONAL STANDARD BOOK NUMBER
International Standard Book Number 9780545591362
040 ## - CATALOGING SOURCE
Original cataloging agency FISKH
Language of cataloging eng
Transcribing agency FISKH
Modifying agency FISKH
050 ## - LIBRARY OF CONGRESS CALL NUMBER
Classification number GV942.P42
082 ## - DEWEY DECIMAL CLASSIFICATION NUMBER
Classification number 796.334092
100 ## - MAIN ENTRY--PERSONAL NAME
Personal name Canizares, Susan
245 ## - TITLE STATEMENT
Title Pele /
Remainder of title The king of soccer
Statement of responsibility, etc. Susan Canizares Samatha Berger
260 ## - PUBLICATION, DISTRIBUTION, ETC.
Place of publication, distribution, etc. New York :
Name of publisher, distributor, etc. Scholastic,
Date of publication, distribution, etc. 2013
300 ## - PHYSICAL DESCRIPTION
Dimensions 19 x 21
Extent 14 unnumbered pages :
505 ## - FORMATTED CONTENTS NOTE
Formatted contents note E
520 ## - SUMMARY, ETC.
Summary, etc. Simple text and photographs present the accomplishments of Pele, who has been called the king of soccer.
521 ## - TARGET AUDIENCE NOTE
Target audience note 200
Source Lexile
521 ## - TARGET AUDIENCE NOTE
Target audience note E
Source Raz-Plus
650 ## - SUBJECT ADDED ENTRY--TOPICAL TERM
Topical term or geographic name entry element Soccer
650 ## - SUBJECT ADDED ENTRY--TOPICAL TERM
Topical term or geographic name entry element Football
650 ## - SUBJECT ADDED ENTRY--TOPICAL TERM
Topical term or geographic name entry element Sports
700 ## - ADDED ENTRY--PERSONAL NAME
Personal name Berger, Samanta
Titles and other words associated with a name Coauthor
942 ## - ADDED ENTRY ELEMENTS (KOHA)
Source of classification or shelving scheme Dewey Decimal Classification
Koha item type Books
Suppress in OPAC No
999 ## -
-- 2065
-- 2065
Holdings
Withdrawn status Lost status Source of classification or shelving scheme Damaged status Not for loan Collection Home library Current library Shelving location Date acquired Total Checkouts Full call number Barcode Date last seen Date last checked out Price effective from Koha item type
    Dewey Decimal Classification     Non-Fiction Footprints International School Library Network Toul Kork Campus Footprints International School Library Network Toul Kork Campus TK Primary Library Room(4th Floor), Bookcase 7, Shelves 57-60, Dark Green Books 11/03/2023 4 CAN 796.334092 GV942.P42 FISTK02374 06/05/2025 03/13/2025 11/03/2023 Books